000 00301nam a22001337a 4500
008 170929b xxu||||| |||| 00| 0 eng d
020 _a2900312443176
041 _aeng
080 _26TH
_a37
100 _a47
101 _aEDU
245 _aTHE ST.MARTING'S HANDBOOK
_cLUNSFORD,A.A
942 _2udc
_cBK
999 _c30671
_d30671